000 00495nam a2200181Ia 4500
001 12212
005 20260306162925.0
008 260306t2021||||xx |||||||||||||| ||spa||
041 _aESP
082 _aHR 340
_bN° 13 2021 RPDC
100 _aTribunal Constitucional del Perú
_eAUT
245 0 _aRevista peruana de derecho constitucional:
_bconstitución y naturaleza
260 _c2021
300 _a886 páginas :
_c25 cm.
650 _aGEN
654 _aCDE
942 _cREV
_dJUS
_fJUS
_2ddc
_n
999 _c12212
_d12212